Ηχεία στην αμφιλύκη : (ποιήματα)
Αποθηκεύτηκε σε:
| Κύριος συγγραφέας: | |
|---|---|
| Μορφή: | Βιβλίο |
| Γλώσσα: | Greek |
| Δημοσίευση: |
Πειραιεύς :
[χ.ό.],
1976
|
| Θέματα: | |
| Ετικέτες: |
Προσθήκη ετικέτας
Δεν υπάρχουν, Καταχωρήστε ετικέτα πρώτοι!
|
MARC
| LEADER | 00000cam a2200000 i 4500 | ||
|---|---|---|---|
| 001 | 1/94038 | ||
| 008 | 080917s1976 gre d | ||
| 035 | |l 10100226 | ||
| 040 | |a GR-MY-UA |b gre |e aacr | ||
| 041 | 0 | |a gre | |
| 082 | 0 | |a 889.134 |2 (22) | |
| 100 | 1 | |a Τουρλίδης, Γεώργιος Αθ. |d 1945- | |
| 245 | 1 | 0 | |a Ηχεία στην αμφιλύκη : |b (ποιήματα) / |c Γιώργος Τουρλίδης |
| 260 | |a Πειραιεύς : |b [χ.ό.], |c 1976 | ||
| 300 | |a 29 σ.; |c 24 εκ. | ||
| 500 | |a Η καταλογράφηση έγινε με βάση το εξώφυλλο | ||
| 650 | 0 | 0 | |a Greek poetry, Modern |y 20th century. |
| 852 | |a INST |b RHODES |c AKA |e 20080917 |h 889.134 ΤΟΥ |p 005400028360 |q 005400028360 |t BK |y 0 | ||
| 901 | |a BIBL4-2008-3 | ||
| 909 | |a Ρ |b 153012 | ||
| 970 | |a ΧΑΡΙΟΠΟΛΙΤΟΥ |b ΚΩΝΣΤΑΝΤΙΝΑ |z 2008/09/17 | ||